party 4 u - Charli xcx - All Lyrics - Statistics

General Stats
  • This quiz has been taken 425 times
  • The average score is 732 of 837
Answer Stats
Answer % Correct
I
100%
on
100%
on)
100%
party
100%
Party
100%
(Party
100%
you
100%
you,
100%
You
100%
for
99%
this
98%
(Oh)
97%
(Ooh)
97%
uh
97%
woah
97%
only
96%
Only
96%
a
95%
threw
92%
what
92%
it's
90%
me,
90%
me
90%
me?
90%
your
87%
to
85%
Watch
85%
watch
85%
come
81%
Come
81%
of
81%
true,
80%
true
80%
in
79%
In
79%
my
79%
My
79%
the
79%
through
79%
through,
79%
would
79%
was
78%
like
77%
yeah
77%
Yeah,
77%
hopin'
76%
up
75%
know
74%
pull
74%
water,
73%
water
73%
I'm
72%
waiting
72%
body
71%
holy
71%
were
71%
that
70%
That
70%
don't
69%
take
69%
And
68%
and
68%
by
68%
clothes
66%
get
66%
off
66%
about
64%
balloons
64%
pink
64%
summer,
63%
1000
62%
blessed
62%
mouth
62%
mouth,
62%
been
60%
I've
60%
splash
60%
love
59%
around
57%
But
57%
but
57%
Kiss
57%
kiss
57%
favorite
56%
June
56%
just
55%
one
55%
Birthday
53%
19th
52%
DJ
52%
if
52%
tunes
52%
cake
51%
Champagne
51%
could
51%
say
51%
thinking,
51%
August
50%
born
49%
touch
49%
with
49%
you're
49%
out
46%
saw
46%
tears,
46%
friends
44%
from
44%
Hope
44%
hope
44%
knew
44%
All
43%
all
43%
Wish
43%
wish
43%
'Cause
42%
is
42%
pourin'
42%
town
42%
phone
41%
right
41%
back,
40%
back
40%
Called
39%
Dancin'
39%
ringin'
38%
sorry?
38%
Got
37%
window,
36%
never
35%
tell
33%
kept
32%
Why
32%
someone
30%
Hit
29%
hit
29%
loved?
29%
na-na-na
29%
door
28%
treating
28%
walk
28%
digits,
25%
face
25%
here,
25%
knock
25%
message,
25%
you'd
25%
will
24%
bag
23%
Leave
23%
pills
23%
purple
23%
realize
22%
day,
21%
away
17%
far
17%
heart
16%
higher,
16%
higher
16%
Nervous
16%
nervous
16%
rises
16%
somewhere
16%
Instead,
15%
energy
14%
rate
13%
stay
11%
No matching quizzes found
Score Distribution
Percent of People with Each Score
Percentile by Number Answered
Your Score History
You have not taken this quiz